| 000 | 00686nam a2200241 a 4500 | ||
|---|---|---|---|
| 999 |
_c5145 _d5145 |
||
| 001 | 5145 | ||
| 003 | BD-JhCC | ||
| 005 | 20171211182315.0 | ||
| 008 | 171209s1979 u |||| ||a| 001 0 eng d | ||
| 020 | _a0804710171 | ||
| 020 | _a0804711119 | ||
| 035 | _a(BD-JhCC) 5145 | ||
| 040 |
_aBD-JhCC _dBD-JhCC |
||
| 041 | _aeng | ||
| 082 |
_a338 _bCAN 1979 |
||
| 100 | _aCancian, Frank | ||
| 245 |
_aThe Innovator's Situation : _bUpper-middle-class conservatism in agricultural communities / _cFrank Cancian, |
||
| 260 |
_aAmerica : _bStanford University Press,Stanford,California , _c1959 |
||
| 300 |
_a159 p .: _c22 cm . |
||
| 650 | _aAgriculture | ||
| 942 |
_2ddc _cBK |
||